Budúcnosť európskej politiky potravín

O budúcom smerovaní potravinárskej politiky Európskej únie. Priority smerovania tejto politiky podľa CIAA (výboru pre obchod a konkurencieschopnosť).

Saved in:
Bibliographic Details
Format: Book Chapter
Language:Slovak
Subjects:
Tags: Add Tag
No Tags, Be the first to tag this record!

MARC

LEADER 00000naa a2200000 4500
001 r047872
005 20231002114926.1
041 0 |a slo 
044 |a SK 
245 1 0 |a Budúcnosť európskej politiky potravín 
520 |a O budúcom smerovaní potravinárskej politiky Európskej únie. Priority smerovania tejto politiky podľa CIAA (výboru pre obchod a konkurencieschopnosť). 
610 2 0 |a Európska únia 
610 2 0 |a bezpečnosť potravinová 
610 2 0 |a obchod 
610 2 0 |a potravinárstvo 
610 2 0 |a politika poľnohospodárska 
610 2 0 |a konkurencieschopnosť 
610 2 0 |a spotrebitelia